Quicken in business
These efforts include the development, research, and testing of the theories and programs to any kind, expressed or implied, with regard to these programs or the ducumentation contained in this book.
Wedi'i Gadw mewn:
| Prif Awdur: | |
|---|---|
| Fformat: | Llyfr |
| Iaith: | Undetermined |
| Cyhoeddwyd: |
New York
Brady
1991
|
| Pynciau: | |
| Tagiau: |
Ychwanegu Tag
Dim Tagiau, Byddwch y cyntaf i dagio'r cofnod hwn!
|
| Thư viện lưu trữ: | Trung tâm Học liệu Trường Đại học Cần Thơ |
|---|
| LEADER | 00703nam a2200193Ia 4500 | ||
|---|---|---|---|
| 001 | CTU_160547 | ||
| 008 | 210402s9999 xx 000 0 und d | ||
| 082 | |a 658.150285 | ||
| 082 | |b A193 | ||
| 100 | |a Adam, Steve | ||
| 245 | 0 | |a Quicken in business | |
| 245 | 0 | |c Steve Adam | |
| 260 | |a New York | ||
| 260 | |b Brady | ||
| 260 | |c 1991 | ||
| 520 | |a These efforts include the development, research, and testing of the theories and programs to any kind, expressed or implied, with regard to these programs or the ducumentation contained in this book. | ||
| 650 | |a Small business,Accounting,Kinh doanh nhỏ,Kế toán | ||
| 904 | |i Giang | ||
| 980 | |a Trung tâm Học liệu Trường Đại học Cần Thơ | ||